000 00827nam0a22002891 4500
001 RU\NLR\INFOCOMM6\ROSSICA\1000357576
005 20250613191924.0
035 _a(NLR Aleph) 009944019
090 _a10770297
_c10770297
100 _a20031006d1886 |||y0rusy50 ca
101 1 _ager
_crus
102 _aRU
105 _ay ||||000ay
200 1 _aDie Schwingungsknoten Theorie der chemischen Verbindungen
_fM.N.Teplow
_gAus dem russischen übersetzt von L.Jawein
205 _a2-e Lieferung
210 _aSt.Petersburg
_d1886
215 _d
700 1 _9z01790
_aTeplov
_bM.N.
_4070
702 1 _aJawein
_bL.
_4730
790 1 _9z01700
_aTeplow
_bM.N.
_4070
801 1 _aRU
_bInfoComm
_c20031006
801 0 _aRU
_bNLR
_gPSBO
852 _aNLR
_j13.15.2.98
942 _cBOOK
980 _aNB
980 _aRossica